Entrada Término de materia
Número de registros utilizados en: 357
001 - NÚMERO DE CONTROL
- Campo de control: 29799
003 - IDENTIFICADOR DE NÚMERO DE CONTROL
- Campo de control: ES-MaCES
005 - FECHA Y HORA DE LA ULTIMA MODIFICACION
- Campo de control: 19981120142300.0
008 - ELEMENTOS DE DATOS DE LONGITUD FIJA
- Campo de longitud fija: 981120 | azznnbabn || ana d
035 ## - NÚMERO DE CONTROL DEL SISTEMA
- Número de control del sistema: (ILOT)0280
035 ## - NÚMERO DE CONTROL DEL SISTEMA
- Número de control del sistema: CES19980034311s
040 ## - FUENTE DE LA CATALOGACIÓN
- Agencia original de catalogación: ES-MaCES
- Idioma de catalogación: spa
- Agencia de transcripción: ES-MaCES
072 #7 - CÓDIGO DE CATEGORIA DE MATERIA
- Código de categoría temática: 01.04.1
- Fuente del código: ilot
150 ## - ENCABEZAMIENTO--MATERIA
- Término de materia o geográfico como elemento de entrada: país de acogida
450 ## - TRAZADO VEÁSE--MATERIA
- Término de materia o nombre geográfico como elemento de entrada: país anfitrión
450 ## - TRAZADO VEÁSE--MATERIA
- Término de materia o nombre geográfico como elemento de entrada: país de destino
450 ## - TRAZADO VEÁSE--MATERIA
- Término de materia o nombre geográfico como elemento de entrada: país de inmigración
550 ## - TRAZADO VEÁSE ADEMÁS--MATERIA
- Término de materia o nombre geográfica como elemento de entrada: inmigración
550 ## - TRAZADO VEÁSE ADEMÁS--MATERIA
- Término de materia o nombre geográfica como elemento de entrada: inmigrante
550 ## - TRAZADO VEÁSE ADEMÁS--MATERIA
- Término de materia o nombre geográfica como elemento de entrada: trabajador migrante
550 ## - TRAZADO VEÁSE ADEMÁS--MATERIA
- Subcampo de control: g
- Término de materia o nombre geográfica como elemento de entrada: país
750 #7 - ENTRADA DE ENLACE DE ENCABEZAMIENTO ESTABLECIDO--MATERIA
- Término de materia o nombre geográfico como elemento de entrada: host country
- Fuente del encabezamiento o término: ilot
750 #7 - ENTRADA DE ENLACE DE ENCABEZAMIENTO ESTABLECIDO--MATERIA
- Término de materia o nombre geográfico como elemento de entrada: pays d'accueil
- Fuente del encabezamiento o término: tbit
901 ## - CES. DATOS SIRTEX
- ID Sirtex (N5N8): 0007700003431
- 005BIS Sirtex: 199811201423BATCH
903 ## - CES. DATOS ATES
- Fecha de incorporación 1978: 07/12/83

